[Event "CZE-chT 2223"]
[Site "Czech Republic"]
[Date "2022.12.04"]
[Round "4.4"]
[White "Nemec, Jachym"]
[Black "Hort, Vlastimil"]
[Result "1-0"]
[WhiteElo "2345"]
[BlackElo "2341"]
[PlyCount "65"]
[EventDate "2022.10.15"]
[EventType "team-tourn"]
[EventRounds "11"]
[EventCountry "CZE"]
[SourceTitle "CBM 213 Extra"]
[Source "ChessBase"]
[SourceDate "2023.05.31"]
[SourceVersion "1"]
[SourceVersionDate "2023.05.31"]
[SourceQuality "1"]
[WhiteTeam "Brno Moravska Slavia"]
[BlackTeam "Ingem Line"]
[WhiteTeamCountry "CZE"]
[BlackTeamCountry "CZE"]

1. d4 Nf6 2. c4 e6 3. Nc3 d5 4. cxd5 exd5 5. Bg5 Be7 6. e3 c6 7. Bd3 0-0 8. Qc2 Nbd7 9. Bf4 a6 10. Nf3 Re8 11. h3 Nf8 12. 0-0-0 a5 13. g4 Ng6 14. Bh2 Be6 15. Ne5 Bc8 16. f4 Nf8 17. f5 N6d7 18. e4 Nb6 19. Kb1 Bb4 20. Rhe1 f6 21. Nf3 dxe4 22. Bxe4 Kh8 23. Ka1 Bd6 24. Ne5 Qe7 25. Nd3 Qd8 26. Ne5 Qe7 27. Nf7+ Qxf7 28. Bxd6 Bd7 29. Qg2 Rac8 30. b3 Red8 31. Bc5 Na8 32. Bd3 Re8 33. Bc4 1-0

[Event "WchT Seniors 65"]
[Site "Prague"]
[Date "2020.03.11"]
[Round "6.3"]
[White "Shevelev, Arkady"]
[Black "Hort, Vlastimil"]
[Result "1/2-1/2"]
[WhiteElo "2278"]
[BlackElo "2397"]
[PlyCount "135"]
[EventDate "2020.03.06"]
[EventType "team-swiss"]
[EventRounds "7"]
[EventCountry "CZE"]
[SourceTitle "CBM 195 Extra"]
[Source "ChessBase"]
[SourceDate "2020.05.31"]
[SourceVersion "1"]
[SourceVersionDate "2020.05.31"]
[SourceQuality "1"]
[WhiteTeam "Israel 65"]
[BlackTeam "Germany 65"]
[WhiteTeamCountry "ISR"]
[BlackTeamCountry "GER"]

1. e4 c5 2. Nf3 e6 3. d4 cxd4 4. Nxd4 Nc6 5. Nc3 a6 6. g3 d6 7. Bg2 Bd7 8. 0-0 Nf6 9. Re1 Be7 10. Nxc6 Bxc6 11. b3 Qc7 12. Bb2 0-0 13. Qe2 Rfe8 14. Rad1 b5 15. a3 Rac8 16. Qd2 Bb7 17. Rc1 Red8 18. Qe2 Qb8 19. h3 h6 20. Nb1 Nd7 21. Nd2 Bf6 22. Bxf6 Nxf6 23. c4 bxc4 24. bxc4 Nd7 25. Rb1 Qc7 26. Rec1 Bc6 27. Nb3 Ba4 28. Nd4 Nc5 29. Qe3 Rb8 30. Rb4 Be8 31. Kh2 Kh7 32. e5 dxe5 33. Nc6 Bxc6 34. Qxc5 Rbc8 35. Bxc6 Qxc6 36. Qxe5 Rd3 37. c5 Rxa3 38. Qe4+ Qxe4 39. Rxe4 Rc6 40. Kg2 g5 41. h4 Kg6 42. hxg5 hxg5 43. Rd4 Kf6 44. g4 Ke7 45. Rb4 Kf6 46. Rd4 Ra5 47. Rdc4 Ke5 48. R4c2 Ra4 49. Kg3 Kd5 50. f3 Rd4 51. Kf2 e5 52. Rc3 f6 53. Ke2 Ke6 54. Ra1 f5 55. gxf5+ Kxf5 56. Ke3 Rh4 57. Ra5 Rh3 58. Rc4 Rh2 59. Rb4 Rhh6 60. Rb8 Rh3 61. Rb4 Ke6 62. Rg4 Kf6 63. Ke4 Re6 64. Ra2 Rh1 65. Rag2 Re1+ 66. Kd3 Rd1+ 67. Ke2 Rc1 68. Rxg5 1/2-1/2

[Event "Bunratty Masters 27th"]
[Site "Bunratty"]
[Date "2020.02.22"]
[Round "2"]
[White "Hort, Vlastimil"]
[Black "Machin, Guillaume"]
[Result "1-0"]
[WhiteElo "2400"]
[BlackElo "2159"]
[PlyCount "85"]
[EventDate "2020.02.21"]
[EventType "swiss"]
[EventRounds "6"]
[EventCountry "IRL"]
[SourceTitle "EXT 2023"]
[Source "ChessBase"]
[SourceDate "2022.10.05"]
[SourceVersion "1"]
[SourceVersionDate "2022.10.05"]
[SourceQuality "1"]

1. d4 e6 2. c4 f5 3. g3 Nf6 4. Bg2 Be7 5. Nc3 0-0 6. Nh3 d6 7. Nf4 c6 8. Nd3 Qc7 9. Bf4 Nbd7 10. h3 e5 11. Be3 Kh8 12. Qb3 exd4 13. Bxd4 Ne5 14. f4 Nxd3+ 15. exd3 Be6 16. a4 Rfe8 17. 0-0 Nd7 18. Rfe1 Bg8 19. Bf2 Bf6 20. Qa3 Nc5 21. Red1 Nd7 22. a5 h6 23. b4 g5 24. Qc1 Nf8 25. a6 b6 26. Ra3 Rac8 27. b5 c5 28. Bc6 Re7 29. Rf1 Rg7 30. Kh2 Ng6 31. Ne2 d5 32. cxd5 Qd6 33. fxg5 hxg5 34. d4 c4 35. Rf3 Nh4 36. Rc3 Rxc6 37. dxc6 Bd5 38. Be3 Nf3+ 39. Rxf3 Bxf3 40. Rxc4 Qc7 41. Nf4 Rh7 42. Qf1 g4 43. d5 1-0

[Event "Zuerich Kupper Memorial"]
[Site "Zuerich"]
[Date "2019.08.18"]
[Round "7"]
[White "Hort, Vlastimil"]
[Black "Svane, Rasmus"]
[Result "1/2-1/2"]
[WhiteElo "2400"]
[BlackElo "2610"]
[PlyCount "78"]
[EventDate "2019.08.14"]
[EventType "swiss"]
[EventRounds "7"]
[EventCountry "SUI"]
[SourceTitle "CBM 191 Extra"]
[Source "ChessBase"]
[SourceDate "2019.09.30"]
[SourceVersion "1"]
[SourceVersionDate "2019.09.30"]
[SourceQuality "1"]

1. c4 b6 2. d4 e6 3. Nf3 Bb7 4. Nc3 Bb4 5. Qc2 c5 6. dxc5 bxc5 7. a3 Ba5 8. Bd2 Nf6 9. e3 0-0 10. Be2 d6 11. 0-0 Nc6 12. Rfd1 Qe7 13. Be1 Rfd8 14. Rac1 h6 15. Nb5 Bxe1 16. Rxe1 Rab8 17. Red1 Ba8 18. Nd2 Ne5 19. Bf1 Rb6 20. Nc3 Bc6 21. Re1 Rdb8 22. b3 Nfg4 23. h3 Nf6 24. Na2 a5 25. Rb1 Qb7 26. Nc3 d5 27. cxd5 exd5 28. a4 Ne8 29. Nb5 Bxb5 30. axb5 Nd6 31. Qxc5 Nxb5 32. Rec1 Nd7 33. Qe7 Re6 34. Qh4 Qb6 35. Qa4 Nc5 36. Qxb5 Qxb5 37. Bxb5 Rxb5 38. Ra1 Reb6 39. Ra3 Nxb3 1/2-1/2

[Event "Spakenburg FishPartners op"]
[Site "Spakenburg"]
[Date "2019.06.29"]
[Round "5"]
[White "Hort, Vlastimil"]
[Black "Vogel, Jaap"]
[Result "1-0"]
[WhiteElo "2400"]
[BlackElo "2111"]
[PlyCount "70"]
[EventDate "2019.06.29"]
[EventType "swiss (rapid)"]
[EventRounds "7"]
[EventCountry "NED"]
[SourceTitle "CBM 191 Extra"]
[Source "ChessBase"]
[SourceDate "2019.09.30"]
[SourceVersion "1"]
[SourceVersionDate "2019.09.30"]
[SourceQuality "1"]

1. d4 e6 2. e4 d5 3. Nc3 Bb4 4. exd5 exd5 5. Bd3 Nf6 6. Bg5 0-0 7. Nge2 c6 8. 0-0 Bg4 9. Qd2 Bxe2 10. Qxe2 Nbd7 11. Qf3 Bxc3 12. bxc3 Qa5 13. Rfe1 Rfe8 14. h3 h6 15. Bd2 Qc7 16. c4 dxc4 17. Bxc4 Qd6 18. c3 b5 19. Bb3 c5 20. Bf4 Qb6 21. Be3 c4 22. Bc2 Qd6 23. a4 b4 24. Bf4 Qf8 25. cxb4 Qxb4 26. Reb1 Qa5 27. Rb5 Qa6 28. Rab1 Rac8 29. Rf5 c3 30. a5 Qe2 31. Qxe2 Rxe2 32. Rc1 g6 33. Rb5 g5 34. Be3 Re8 35. Bd3 Ra8 1-0

[Event "Spakenburg FishPartners op"]
[Site "Spakenburg"]
[Date "2019.06.29"]
[Round "7"]
[White "Van Twillert, Laurents"]
[Black "Hort, Vlastimil"]
[Result "0-1"]
[WhiteElo "2141"]
[BlackElo "2400"]
[PlyCount "110"]
[EventDate "2019.06.29"]
[EventType "swiss (rapid)"]
[EventRounds "7"]
[EventCountry "NED"]
[SourceTitle "CBM 191 Extra"]
[Source "ChessBase"]
[SourceDate "2019.09.30"]
[SourceVersion "1"]
[SourceVersionDate "2019.09.30"]
[SourceQuality "1"]

1. e4 c6 2. d4 d5 3. exd5 cxd5 4. Nf3 Nf6 5. Bd3 Bg4 6. 0-0 Nc6 7. c3 e6 8. Bf4 Bd6 9. Bxd6 Qxd6 10. Nbd2 0-0 11. Qe1 Nd7 12. Qe3 h6 13. Rae1 Bxf3 14. Nxf3 Rac8 15. Ne5 Ncxe5 16. dxe5 Qb6 17. Qd2 Rfd8 18. Bb1 Nf8 19. Rd1 d4 20. cxd4 Rc4 21. b3 Rcxd4 22. Qe2 Rxd1 23. Rxd1 Rxd1+ 24. Qxd1 Qc5 25. Qe1 Nd7 26. h3 Qxe5 27. Qd1 Qd5 28. Qc2 g6 29. Qe2 Kg7 30. Bd3 b6 31. Qb2+ Qe5 32. Qc2 Qd4 33. Be2 Nc5 34. Bf3 e5 35. Bc6 e4 36. Qe2 f5 37. g3 Nd3 38. Bb5 Ne5 39. Kg2 Nf3 40. Qf1 Qc3 41. Qd1 Nd4 42. Bc4 Qf3+ 43. Qxf3 Nxf3 44. a4 a5 45. Be6 Kf6 46. Bg8 g5 47. Bh7 Ke5 48. Bg8 Nd2 49. Bf7 Kd4 50. Be6 f4 51. gxf4 gxf4 52. h4 f3+ 53. Kg3 e3 54. fxe3+ Kxe3 55. Bh3 h5 0-1

[Event "Basel op"]
[Site "Basel"]
[Date "2019.01.03"]
[Round "3"]
[White "Hort, Vlastimil"]
[Black "Narayanan, Sunilduth Lyna"]
[Result "0-1"]
[WhiteElo "2419"]
[BlackElo "2575"]
[PlyCount "136"]
[EventDate "2019.01.02"]
[EventType "swiss"]
[EventRounds "7"]
[EventCountry "SUI"]
[SourceTitle "CBM 188 Extra"]
[Source "ChessBase"]
[SourceDate "2019.02.26"]
[SourceVersion "1"]
[SourceVersionDate "2019.02.26"]
[SourceQuality "1"]

1. Nf3 d5 2. d4 Nf6 3. c4 e6 4. e3 a6 5. b3 c5 6. Bb2 cxd4 7. Nxd4 Bb4+ 8. Nd2 0-0 9. a3 Be7 10. Be2 Nc6 11. 0-0 Bd7 12. Qb1 dxc4 13. Nxc4 b5 14. Nxc6 Bxc6 15. Rd1 Bd5 16. Ne5 Qc7 17. Bf3 Rac8 18. Bxd5 Nxd5 19. Rc1 Qb7 20. Qd3 Bf6 21. Bd4 Rfd8 22. Qe4 Rc7 23. Nd3 Bxd4 24. Qxd4 Rdc8 25. Rxc7 Qxc7 26. g3 Nc3 27. Kf1 f6 28. b4 e5 29. Qg4 Qc4 30. h3 Qxg4 31. hxg4 Ne4 32. Rc1 Rxc1+ 33. Nxc1 Kf7 34. Nb3 Ke6 35. f3 Nc3 36. e4 Kd6 37. Nc5 Kc6 38. Kf2 a5 39. Ne6 a4 40. Nxg7 Nb1 41. Ke3 Nxa3 42. Kd3 Nc4 43. Kc3 Kd7 44. Nf5 a3 45. Kb3 Nd2+ 46. Kxa3 Nxf3 47. Kb3 Nd2+ 48. Kc3 Nxe4+ 49. Kd3 Nf2+ 50. Ke2 Nxg4 51. Kf3 h5 52. Ng7 Ke7 53. Nxh5 f5 54. Ng7 Nh6 55. g4 fxg4+ 56. Ke4 Nf7 57. Nh5 Ke6 58. Ng7+ Kf6 59. Ne8+ Kg5 60. Nc7 Nd6+ 61. Kxe5 g3 62. Nd5 Nc4+ 63. Ke4 Kg4 64. Nf4 Na3 65. Ne2 Nc2 66. Kd5 Kf3 67. Ng1+ Kf2 68. Nh3+ Kf1 0-1

[Event "WchT Seniors 65"]
[Site "Dresden"]
[Date "2018.07.14"]
[Round "8.1"]
[White "Sveshnikov, Evgeny"]
[Black "Hort, Vlastimil"]
[Result "1-0"]
[WhiteElo "2464"]
[BlackElo "2421"]
[PlyCount "53"]
[EventDate "2018.07.07"]
[EventType "team-swiss"]
[EventRounds "9"]
[EventCountry "GER"]
[SourceTitle "CBM 185 Extra"]
[Source "ChessBase"]
[SourceDate "2018.07.29"]
[SourceVersion "1"]
[SourceVersionDate "2018.07.29"]
[SourceQuality "1"]
[WhiteTeam "Russia"]
[BlackTeam "Germany"]
[WhiteTeamCountry "RUS"]
[BlackTeamCountry "GER"]

1. e4 c5 2. c3 d5 3. exd5 Qxd5 4. d4 Nf6 5. Nf3 Bg4 6. Be2 cxd4 7. cxd4 e6 8. Nc3 Qd6 9. Qb3 Qb4 10. Bb5+ Nfd7 11. Ne5 Bf5 12. 0-0 Qxb3 13. axb3 f6 14. g4 Bc2 15. Nxd7 Nxd7 16. Bc4 e5 17. Nb5 Kd8 18. Nxa7 Bd6 19. Be3 Ke7 20. Nb5 g5 21. Rac1 Bg6 22. Nxd6 Kxd6 23. dxe5+ Nxe5 24. Rfd1+ Kc7 25. f4 gxf4 26. Bxf4 Rad8 27. Bg8+ 1-0

[Event "WchT Seniors 65"]
[Site "Dresden"]
[Date "2018.07.07"]
[Round "1.3"]
[White "Schroeter, Helmut"]
[Black "Hort, Vlastimil"]
[Result "0-1"]
[WhiteElo "2050"]
[BlackElo "2421"]
[PlyCount "86"]
[EventDate "2018.07.07"]
[EventType "team-swiss"]
[EventRounds "9"]
[EventCountry "GER"]
[SourceTitle "CBM 185 Extra"]
[Source "ChessBase"]
[SourceDate "2018.07.29"]
[SourceVersion "1"]
[SourceVersionDate "2018.07.29"]
[SourceQuality "1"]
[WhiteTeam "Dresden TuR"]
[BlackTeam "Germany"]
[WhiteTeamCountry "GER"]
[BlackTeamCountry "GER"]

1. f4 Nf6 2. Nf3 g6 3. g3 Bg7 4. Bg2 d5 5. 0-0 b6 6. d3 Bb7 7. c3 Nbd7 8. h3 c5 9. Be3 Qc7 10. Nbd2 0-0 11. Rc1 Ne8 12. d4 Nd6 13. Bf2 Rac8 14. Re1 e6 15. Ne5 Rfd8 16. e3 Nf6 17. g4 Nfe4 18. Nxe4 Nxe4 19. Bh4 f6 20. Nf3 Qe7 21. Re2 g5 22. fxg5 fxg5 23. Be1 Rf8 24. Qa4 Bc6 25. Qb3 Qd7 26. Qd1 Rcd8 27. Rec2 Qe7 28. Nd2 e5 29. Nxe4 dxe4 30. Rf2 Qe6 31. Qb3 Qxb3 32. axb3 cxd4 33. Rxf8+ Rxf8 34. cxd4 Bd5 35. Bb4 Re8 36. Rc7 exd4 37. Re7 Rxe7 38. Bxe7 d3 39. Kf1 Bxb2 40. Bb4 Bc1 41. Kf2 a5 42. Bc3 Kf7 43. Bd4 d2 0-1

[Event "Oberliga NRW 1718"]
[Site "Germany"]
[Date "2017.12.17"]
[Round "4.1"]
[White "Siebrecht, Sebastian"]
[Black "Hort, Vlastimil"]
[Result "1-0"]
[WhiteElo "2410"]
[BlackElo "2391"]
[PlyCount "129"]
[EventDate "2017.09.17"]
[EventType "team-tourn"]
[EventRounds "9"]
[EventCountry "GER"]
[SourceTitle "EXT 2019"]
[Source "ChessBase"]
[SourceDate "2018.10.10"]
[SourceVersion "1"]
[SourceVersionDate "2018.10.10"]
[SourceQuality "1"]
[WhiteTeam "Essen Katernberg"]
[BlackTeam "Oberhausen"]
[WhiteTeamCountry "GER"]
[BlackTeamCountry "GER"]

1. Nf3 g6 2. d4 Bg7 3. e4 d6 4. Nc3 a6 5. a4 b6 6. Bg5 Bb7 7. Bd3 h6 8. Be3 Nd7 9. 0-0 e6 10. h3 Ne7 11. Qd2 c5 12. Rfe1 cxd4 13. Bxd4 0-0 14. Bxg7 Kxg7 15. Rad1 Nc8 16. Bf1 Ra7 17. Qe3 Qc7 18. Nd2 Ne5 19. f4 Nc6 20. Nc4 Kh7 21. Qf2 Nb4 22. a5 bxa5 23. Nxd6 Qb6 24. Nxb7 Rxb7 25. Rd2 Ne7 26. Qxb6 Rxb6 27. Na4 Rbb8 28. c3 Nbc6 29. Bxa6 Rfd8 30. Red1 Rxd2 31. Rxd2 g5 32. fxg5 hxg5 33. Kf2 Ne5 34. Ke3 N7c6 35. Nc5 Kg6 36. b3 Rb6 37. Ra2 Kf6 38. c4 Ke7 39. Bb5 Rb8 40. Rd2 Rc8 41. Nd3 Nxd3 42. Rxd3 Ne5 43. Rd2 g4 44. h4 f6 45. g3 Rb8 46. Rd1 Rc8 47. Ra1 Rd8 48. c5 Rc8 49. Rc1 Kd8 50. Ba4 Kc7 51. Rf1 Kd8 52. Rxf6 Ke7 53. Rh6 Rd8 54. Bb5 Rb8 55. Ba4 Rd8 56. Rh5 Kf6 57. Kf4 Rd1 58. Rh6+ Ng6+ 59. Kxg4 Kg7 60. Rh5 Kf6 61. c6 Ne5+ 62. Kf4 Rf1+ 63. Ke3 Rd1 64. Bb5 Rb1 65. Rxe5 1-0

[Event "Prague Talents-Legends"]
[Site "Prague"]
[Date "2017.01.16"]
[Round "1.2"]
[White "Nguyen, Thai Dai Van"]
[Black "Hort, Vlastimil"]
[Result "1/2-1/2"]
[WhiteElo "2429"]
[BlackElo "2426"]
[PlyCount "79"]
[EventDate "2017.01.16"]
[EventType "schev"]
[EventRounds "4"]
[EventCountry "CZE"]
[SourceTitle "CBM 176 Extra"]
[Source "ChessBase"]
[SourceDate "2017.03.02"]
[SourceVersion "1"]
[SourceVersionDate "2017.03.02"]
[SourceQuality "1"]
[WhiteTeam "Talents"]
[BlackTeam "Legends"]
[WhiteTeamCountry "CZE"]
[BlackTeamCountry "CZE"]

1. e4 e6 2. d4 d5 3. Nc3 Nf6 4. e5 Nfd7 5. f4 c5 6. Nf3 Nc6 7. Be3 a6 8. Qd2 b5 9. dxc5 Bxc5 10. Bd3 Qb6 11. Bf2 Bxf2+ 12. Qxf2 Rb8 13. Qxb6 Nxb6 14. b3 Bd7 15. Kd2 Ke7 16. a4 bxa4 17. Nxa4 Nxa4 18. Rxa4 a5 19. Ke3 Rhc8 20. Ra3 h6 21. h4 f6 22. g3 Rb4 23. Kd2 fxe5 24. Nxe5 Nxe5 25. fxe5 a4 26. bxa4 Rxa4 27. Rxa4 Bxa4 28. Ra1 Bd7 29. Ra7 Kd8 30. Ke3 Rc7 31. Ra8+ Ke7 32. h5 Be8 33. g4 Bf7 34. Kf4 Rb7 35. Kg3 Rc7 36. g5 hxg5 37. Kg4 Rb7 38. Kxg5 Rb1 39. Ra7+ Kf8 40. Ra8+ 1/2-1/2

[Event "Basel op"]
[Site "Basel"]
[Date "2016.01.04"]
[Round "5"]
[White "Filipovic, Branko"]
[Black "Hort, Vlastimil"]
[Result "1/2-1/2"]
[WhiteElo "2369"]
[BlackElo "2430"]
[PlyCount "39"]
[EventDate "2016.01.01"]
[EventType "swiss"]
[EventRounds "7"]
[EventCountry "SUI"]
[SourceTitle "CBM 170 Extra"]
[Source "ChessBase"]
[SourceDate "2016.02.25"]
[SourceVersion "1"]
[SourceVersionDate "2016.02.25"]
[SourceQuality "1"]

1. d4 d5 2. Bf4 c6 3. Nf3 Nf6 4. e3 Bg4 5. Nbd2 e6 6. h3 Bxf3 7. Nxf3 Bd6 8. Bxd6 Qxd6 9. c3 Nbd7 10. Bd3 e5 11. dxe5 Nxe5 12. Nxe5 Qxe5 13. 0-0 0-0 14. Qc2 Rfd8 15. Rad1 g6 16. Rd2 Rd7 17. Rfd1 Rad8 18. Qa4 a6 19. Qd4 Qe7 20. Qf4 1/2-1/2

[Event "Basel op"]
[Site "Basel"]
[Date "2016.01.04"]
[Round "6"]
[White "Hort, Vlastimil"]
[Black "Riff, Jean Noel"]
[Result "1/2-1/2"]
[WhiteElo "2430"]
[BlackElo "2512"]
[PlyCount "114"]
[EventDate "2016.01.01"]
[EventType "swiss"]
[EventRounds "7"]
[EventCountry "SUI"]
[SourceTitle "CBM 170 Extra"]
[Source "ChessBase"]
[SourceDate "2016.02.25"]
[SourceVersion "1"]
[SourceVersionDate "2016.02.25"]
[SourceQuality "1"]

1. d4 e6 2. Nf3 c5 3. c4 Nf6 4. e3 d5 5. Nc3 a6 6. b3 cxd4 7. exd4 Nc6 8. Bb2 g6 9. g3 Bg7 10. Rc1 0-0 11. Bg2 dxc4 12. bxc4 Ne8 13. 0-0 Nd6 14. Ne2 Nf5 15. Bc3 Re8 16. h3 Bd7 17. g4 Nd6 18. Nd2 e5 19. d5 Nd4 20. Bxd4 exd4 21. Nb3 h5 22. c5 hxg4 23. cxd6 gxh3 24. Bf3 Be5 25. Ng3 Qf6 26. Kh2 Bxd6 27. Nxd4 Be5 28. Nb3 Bb5 29. Rg1 Qb6 30. Rc2 Rac8 31. Kxh3 Kg7 32. Rxc8 Rxc8 33. Kg2 Rc3 34. Re1 Qf6 35. Nd2 Rd3 36. a4 Bxg3 37. fxg3 Qd4 38. Nb3 Qxa4 39. Qa1+ Qxa1 40. Nxa1 Rd2+ 41. Kg1 Bc4 42. Re7 b5 43. d6 Rxd6 44. Nc2 Rd3 45. Re3 Rd2 46. Rc3 a5 47. Bc6 Bd3 48. Nd4 b4 49. Rc5 Bb1 50. Nb3 Rd3 51. Nxa5 Rxg3+ 52. Kf2 Ra3 53. Bd5 Ba2 54. Bxa2 Rxa2+ 55. Ke3 Ra3+ 56. Kd4 f5 57. Nc4 Ra1 1/2-1/2